[Event "Qatar Masters Open 2014"]
[Site "Doha QAT"]
[Date "2014.11.28"]
[Round "3.17"]
[White "Movsesian, Sergei"]
[Black "Gopal, G.N."]
[Result "1-0"]
[WhiteElo "2659"]
[BlackElo "2580"]
[PlyCount "139"]
[EventDate "2014.11.26"]
[EventType "swiss"]
[EventRounds "9"]
[EventCountry "QAT"]
[Source "lmi"]
[SourceDate "2014.11.26"]

1. e4 c5 2. Nf3 d6 3. d4 cxd4 4. Nxd4 Nf6 5. Nc3 a6 6. h3 e5 7. Nde2 h5 8. g3
Be6 9. Bg2 b5 10. f4 Nbd7 11. b3 Nc5 12. Be3 Rc8 13. a3 Be7 14. O-O O-O 15. Rc1
a5 16. Nxb5 Ncxe4 17. c4 Qd7 18. Kh2 a4 19. fxe5 dxe5 20. Qxd7 Bxd7 21. bxa4
Be6 22. Nec3 Nxc3 23. Rxc3 Bc5 24. Bxc5 Rxc5 25. a5 e4 26. Nd6 Rxa5 27. Nxe4
Nxe4 28. Bxe4 Rc8 29. Rd1 Kf8 30. Rd4 Ra4 31. Bc2 Raxc4 32. Rdxc4 Rxc4 33. Rxc4
Bxc4 34. Kg2 Ke7 35. Kf3 Kd6 36. Kf4 f6 37. Bg6 Bf1 38. h4 Be2 39. Ke3 Bg4 40.
Kd4 Bd1 41. Be8 g5 42. Bb5 Ke6 43. Ke3 gxh4 44. gxh4 Ke5 45. Be2 Ba4 46. Bxh5
f5 47. Be2 Bc6 48. Bf3 f4+ 49. Kf2 Bb5 50. Bb7 Ba4 51. Ke2 Bb5+ 52. Kf3 Ba4 53.
Kg4 Kf6 54. Kxf4 Kg6 55. Bf3 Kf6 56. Be4 Be8 57. Bd3 Bd7 58. Ke4 Be8 59. Kd4
Bd7 60. Kc5 Ba4 61. Kb4 Bd1 62. Bc4 Kg6 63. Bb3 Bf3 64. a4 Kh5 65. a5 Bb7 66.
Kb5 Kxh4 67. Kb6 Bc8 68. Bd5 Kg5 69. Bb7 Bh3 70. a6 1-0

[Event "Qatar Masters Open 2014"]
[Site "Doha QAT"]
[Date "2014.11.28"]
[Round "3.18"]
[White "Belyakov, Bogdan"]
[Black "Akopian, Vladimir"]
[Result "1/2-1/2"]
[WhiteElo "2456"]
[BlackElo "2657"]
[PlyCount "88"]
[EventDate "2014.11.26"]
[EventType "swiss"]
[EventRounds "9"]
[EventCountry "QAT"]
[Source "lmi"]
[SourceDate "2014.11.26"]

1. e4 c5 2. Nf3 Nc6 3. Bb5 d6 4. d4 cxd4 5. Qxd4 Bd7 6. Bxc6 bxc6 7. c4 c5 8.
Qd3 g6 9. O-O Bg7 10. Nc3 Nf6 11. Rd1 O-O 12. Qe2 Qb6 13. Bg5 Bc6 14. Rab1 Rfe8
15. b3 Qb7 16. Re1 h6 17. Bxf6 Bxf6 18. Nd5 Bg7 19. h4 e6 20. Nf4 Bc3 21. Nd2
Bxd2 22. Qxd2 Bxe4 23. Rbd1 Rad8 24. Qe3 Bc6 25. Qg3 Kh7 26. Re3 e5 27. Nd5
Bxd5 28. Rxd5 Re6 29. Red3 Qe7 30. Rd1 Rb8 31. Qd3 Rb6 32. h5 Kg7 33. hxg6 Rxg6
34. Qe4 Qe6 35. R5d3 f5 36. Qa8 Qe7 37. Qc8 f4 38. f3 h5 39. Rd5 Qg5 40. R1d2
Qg3 41. Qc7+ Kh6 42. Qxa7 Qe1+ 43. Kh2 Qg3+ 44. Kg1 Qe1+ 1/2-1/2

[Event "Qatar Masters Open 2014"]
[Site "Doha QAT"]
[Date "2014.11.28"]
[Round "3.21"]
[White "Rakhmanov, Aleksandr"]
[Black "Cornette, Matthieu"]
[Result "0-1"]
[WhiteElo "2636"]
[BlackElo "2566"]
[PlyCount "64"]
[EventDate "2014.11.26"]
[EventType "swiss"]
[EventRounds "9"]
[EventCountry "QAT"]
[Source "lmi"]
[SourceDate "2014.11.26"]

1. Nf3 Nf6 2. g3 g6 3. b3 Bg7 4. Bb2 d6 5. d4 c5 6. c4 Ne4 7. Nfd2 Qa5 8. Bg2
Nxd2 9. Bc3 Qb6 10. dxc5 Nxb1 11. Bxg7 Qb4+ 12. Kf1 Rg8 13. Bh6 Na3 14. cxd6
Qxd6 15. Qxd6 exd6 16. Rd1 Nc6 17. Bc1 Nc2 18. Bg5 Kd7 19. e3 f6 20. Bf4 Rd8
21. Be4 N2b4 22. a3 Na6 23. Rxd6+ Ke7 24. Rxd8 Bh3+ 25. Ke2 Rxd8 26. Bh6 Nc5
27. Bc2 Ne5 28. e4 Bg4+ 29. Ke3 Nxb3 30. f3 Be6 31. Rb1 Na5 32. c5 g5 0-1

[Event "Qatar Masters Open 2014"]
[Site "Doha QAT"]
[Date "2014.11.28"]
[Round "3.22"]
[White "Gupta, Abhijeet"]
[Black "Libiszewski, Fabien"]
[Result "1-0"]
[WhiteElo "2632"]
[BlackElo "2522"]
[PlyCount "73"]
[EventDate "2014.11.26"]
[EventType "swiss"]
[EventRounds "9"]
[EventCountry "QAT"]
[Source "lmi"]
[SourceDate "2014.11.26"]

1. d4 d6 2. e4 Nf6 3. Nc3 g6 4. f4 Bg7 5. Nf3 O-O 6. a3 b6 7. Bd3 Bb7 8. O-O c5
9. d5 Nbd7 10. Bc4 Ne8 11. Be3 Nc7 12. Qd3 a6 13. a4 Rb8 14. Rab1 b5 15. axb5
Nb6 16. bxa6 Nxc4 17. axb7 Nxe3 18. Qxe3 Rxb7 19. f5 Rb4 20. fxg6 hxg6 21. Kh1
Qb8 22. Nd1 e6 23. c3 Ra4 24. dxe6 Nxe6 25. Nd2 Re8 26. Qf2 Ng5 27. Ne3 Qc7 28.
Nd5 Qb7 29. b4 Nxe4 30. Nxe4 Rxe4 31. Rfd1 cxb4 32. cxb4 Qb5 33. Rbc1 Qe2 34.
Qg3 Ra8 35. Qxd6 Rg4 36. Rd2 Qc4 37. Ne7+ 1-0

[Event "Qatar Masters Open 2014"]
[Site "Doha QAT"]
[Date "2014.11.28"]
[Round "3.23"]
[White "Volokitin, Andrei"]
[Black "Xu, Jun"]
[Result "1-0"]
[WhiteElo "2627"]
[BlackElo "2523"]
[PlyCount "57"]
[EventDate "2014.11.26"]
[EventType "swiss"]
[EventRounds "9"]
[EventCountry "QAT"]
[Source "lmi"]
[SourceDate "2014.11.26"]

1. e4 c6 2. d4 d5 3. e5 Bf5 4. Nf3 e6 5. Be2 Ne7 6. O-O Bg6 7. Nbd2 Nd7 8. Nh4
c5 9. c3 cxd4 10. cxd4 Nf5 11. Nxg6 fxg6 12. Nf3 Be7 13. Qb3 Nb6 14. a4 Rb8 15.
a5 Nd7 16. g4 Nh6 17. Ne1 g5 18. Ng2 O-O 19. f4 Kh8 20. Qh3 Nf7 21. Bd3 h6 22.
Qh5 Nfxe5 23. fxe5 Rxf1+ 24. Kxf1 Qc7 25. Qg6 Nf8 26. Qf7 b6 27. a6 Rc8 28. Bd2
Qd7 29. Rc1 1-0

[Event "Qatar Masters Open 2014"]
[Site "Doha QAT"]
[Date "2014.11.28"]
[Round "3.24"]
[White "Salgado Lopez, Ivan"]
[Black "Ankit, R. Rajpara"]
[Result "1-0"]
[WhiteElo "2622"]
[BlackElo "2494"]
[PlyCount "79"]
[EventDate "2014.11.26"]
[EventType "swiss"]
[EventRounds "9"]
[EventCountry "QAT"]
[Source "lmi"]
[SourceDate "2014.11.26"]

1. Nf3 d5 2. g3 c6 3. Bg2 Bg4 4. d3 Nf6 5. h3 Bh5 6. g4 Bg6 7. Nh4 e5 8. e3 Bd6
9. Qe2 O-O 10. Nd2 Nbd7 11. a3 Re8 12. Nxg6 hxg6 13. b3 Nc5 14. Bb2 a5 15. g5
Nh5 16. Qg4 Qe7 17. h4 Ne6 18. Rg1 Rf8 19. Qe2 f5 20. gxf6 Rxf6 21. Qg4 Raf8
22. Bh3 R8f7 23. Rg2 Nf8 24. Qe2 Ne6 25. Qg4 Nf8 26. Qe2 Ne6 27. Qf1 Bc5 28.
Bxe6 Qxe6 29. Qh1 Rf5 30. Qh2 Nf4 31. Rg5 Bd6 32. Rxf5 Rxf5 33. O-O-O Nh5 34.
Qg2 Qf7 35. Rf1 Kh7 36. f4 exf4 37. e4 dxe4 38. dxe4 f3 39. Nxf3 Nf4 40. exf5
1-0

[Event "Qatar Masters Open 2014"]
[Site "Doha QAT"]
[Date "2014.11.28"]
[Round "3.25"]
[White "Mammadzada, Gunay"]
[Black "Durarbayli, Vasif"]
[Result "0-1"]
[WhiteElo "2316"]
[BlackElo "2621"]
[PlyCount "90"]
[EventDate "2014.11.26"]
[EventType "swiss"]
[EventRounds "9"]
[EventCountry "QAT"]
[Source "lmi"]
[SourceDate "2014.11.26"]

1. e4 e5 2. Nf3 Nc6 3. Bb5 a6 4. Ba4 Nf6 5. O-O b5 6. Bb3 Bc5 7. c3 d6 8. d4
Bb6 9. Be3 O-O 10. Nbd2 h6 11. h3 Bb7 12. Re1 exd4 13. cxd4 Na5 14. Bc2 Re8 15.
d5 c6 16. b4 Nc4 17. Nxc4 bxc4 18. dxc6 Bxc6 19. Bxb6 Qxb6 20. Qxd6 Rad8 21.
Qf4 Qxb4 22. e5 Bxf3 23. Qxf3 Nd7 24. Rad1 Nf8 25. Qe4 Qc5 26. Qe3 Qa5 27. Qe2
Rxd1 28. Rxd1 Qc5 29. Re1 Rd8 30. Qe3 Qa5 31. Re2 Ne6 32. f4 Qb4 33. a3 Qb8 34.
Rf2 Nd4 35. Kh2 Qc7 36. Rd2 Ne6 37. Rf2 c3 38. f5 Nd4 39. f6 Rd5 40. Qg3 Qxe5
41. fxg7 Qxg3+ 42. Kxg3 Rb5 43. Bd3 Rb2 44. Rxb2 cxb2 45. Kf2 Nb5 0-1

[Event "Qatar Masters Open 2014"]
[Site "Doha QAT"]
[Date "2014.11.28"]
[Round "3.26"]
[White "Naroditsky, Daniel"]
[Black "Neelotpal, Das"]
[Result "1-0"]
[WhiteElo "2620"]
[BlackElo "2424"]
[PlyCount "83"]
[EventDate "2014.11.26"]
[EventType "swiss"]
[EventRounds "9"]
[EventCountry "QAT"]
[Source "lmi"]
[SourceDate "2014.11.26"]

1. Nf3 Nf6 2. c4 e6 3. g3 d5 4. Bg2 Be7 5. O-O O-O 6. b3 d4 7. e3 c5 8. Bb2 Nc6
9. exd4 cxd4 10. Re1 Re8 11. Na3 Bf8 12. Ne5 Nxe5 13. Rxe5 Nd7 14. Re1 e5 15.
d3 a5 16. Nb5 Nc5 17. Ba3 Rb8 18. Bxc5 Bxc5 19. a3 Bd7 20. Qd2 Bxb5 21. cxb5
Qd6 22. Qxa5 Ra8 23. Qd2 Rxa3 24. Bxb7 Bb4 25. Qb2 g6 26. Bc6 Re7 27. Rxa3 Bxa3
28. Qa2 Kg7 29. Ra1 Ra7 30. b4 Qxb4 31. Rb1 Qc3 32. b6 Ra5 33. Be8 Qxd3 34. b7
Bd6 35. Qxf7+ Kh6 36. b8=Q Bxb8 37. Qf8+ Kh5 38. g4+ Kg5 39. Qe7+ Kxg4 40. Bd7+
Kh5 41. Qxh7+ Kg5 42. h4+ 1-0

[Event "Qatar Masters Open 2014"]
[Site "Doha QAT"]
[Date "2014.11.28"]
[Round "3.27"]
[White "Perunovic, Milos"]
[Black "Khotenashvili, Bela"]
[Result "1-0"]
[WhiteElo "2619"]
[BlackElo "2504"]
[PlyCount "95"]
[EventDate "2014.11.26"]
[EventType "swiss"]
[EventRounds "9"]
[EventCountry "QAT"]
[Source "lmi"]
[SourceDate "2014.11.26"]

1. e4 c6 2. d4 d5 3. e5 Bf5 4. Nf3 e6 5. Be2 Nd7 6. O-O h6 7. a4 Ne7 8. a5 Qc7
9. c4 dxc4 10. Nfd2 Nd5 11. Nxc4 b5 12. axb6 N7xb6 13. Nxb6 Qxb6 14. Nc3 Nb4
15. Be3 Nc2 16. Ra6 Qb7 17. Rxc6 Be7 18. Bf3 Rd8 19. Rxe6 Qxb2 20. Rxe7+ Kxe7
21. Qd2 Rc8 22. Nd5+ Kf8 23. g4 Bd7 24. Nf4 Qc3 25. Qxc3 Rxc3 26. Rb1 g5 27.
Nd5 Rc8 28. Nf6 Be8 29. Rc1 Ba4 30. d5 Ke7 31. Bd2 Rb8 32. d6+ Ke6 33. Bc3 Rb5
34. Bc6 Rc5 35. Bxa4 Rxc3 36. Ne4 Rcc8 37. Rxc2 Rxc2 38. Bxc2 Kxe5 39. f3 Rd8
40. Kf2 Kd4 41. Ba4 Kc4 42. d7 Kd5 43. Ke3 a5 44. f4 gxf4+ 45. Kxf4 Rb8 46. Kf5
Kc4 47. Nd6+ Kb4 48. Nc8 1-0

[Event "Qatar Masters Open 2014"]
[Site "Doha QAT"]
[Date "2014.11.28"]
[Round "3.30"]
[White "Jobava, Baadur"]
[Black "Zhukova, Natalia"]
[Result "1-0"]
[WhiteElo "2722"]
[BlackElo "2470"]
[PlyCount "61"]
[EventDate "2014.11.26"]
[EventType "swiss"]
[EventRounds "9"]
[EventCountry "QAT"]
[Source "lmi"]
[SourceDate "2014.11.26"]

1. c4 e6 2. g3 d5 3. Bg2 Nf6 4. Nf3 Be7 5. O-O O-O 6. Qc2 c5 7. d4 cxd4 8. Nxd4
Nc6 9. Nxc6 bxc6 10. b3 a5 11. Nc3 Ba6 12. Na4 Rb8 13. Rd1 Nd7 14. Bf4 Rb4 15.
cxd5 cxd5 16. Bc7 Qc8 17. Rac1 Rb5 18. Qd2 Bb4 19. Qb2 Qb7 20. e4 Nc5 21. a3
Nxb3 22. Qxb3 Bd2 23. Qc2 Bxc1 24. Rxc1 d4 25. e5 Qa7 26. Bd6 Rd8 27. Bc6 d3
28. Qd2 Rb3 29. Nc5 Rb6 30. Nxa6 Qxa6 31. Bc7 1-0

[Event "Qatar Masters Open 2014"]
[Site "Doha QAT"]
[Date "2014.11.28"]
[Round "3.31"]
[White "Sargissian, Gabriel"]
[Black "Georgiadis, Nico"]
[Result "1/2-1/2"]
[WhiteElo "2687"]
[BlackElo "2460"]
[PlyCount "124"]
[EventDate "2014.11.26"]
[EventType "swiss"]
[EventRounds "9"]
[EventCountry "QAT"]
[Source "lmi"]
[SourceDate "2014.11.26"]

1. d4 Nf6 2. Nf3 d5 3. c4 e6 4. Nc3 Bb4 5. Bg5 h6 6. Bxf6 Qxf6 7. Qa4+ Nc6 8.
e3 O-O 9. Be2 Bd7 10. Qc2 dxc4 11. Bxc4 e5 12. a3 Bf5 13. Qc1 exd4 14. axb4
dxc3 15. Qxc3 a6 16. Bd5 Rfb8 17. Bxc6 Qxc6 18. Qxc6 bxc6 19. Nd4 Bd7 20. Ra5
Rxb4 21. b3 Be6 22. Kd2 Bd5 23. f3 Rab8 24. Rb1 R8b6 25. Kc3 f5 26. h4 h5 27.
Rc5 g6 28. Re1 a5 29. Rxa5 Bxb3 30. Rc5 Bf7 31. Rc1 Ra4 32. Kd3 Ra2 33. R1c2
Ra3+ 34. R5c3 Rxc3+ 35. Rxc3 Rb2 36. Nxc6 Rxg2 37. Ne5 Ba2 38. Rc1 g5 39. hxg5
Rxg5 40. Rxc7 h4 41. Rc1 h3 42. Rh1 Rg3 43. Ke2 f4 44. exf4 Rg2+ 45. Kf1 Be6
46. Rg1 Rxg1+ 47. Kxg1 Kg7 48. Kh2 Kf6 49. Kg3 Kf5 50. Ng4 Bd7 51. Ne3+ Kf6 52.
Nc2 Kf5 53. Nd4+ Kf6 54. Ne2 Kf5 55. Nd4+ Kf6 56. Kf2 Kg6 57. Ne2 h2 58. Ng3
Bh3 59. Nh1 Kf5 60. Kg3 Bf1 61. Nf2 Be2 62. Nh1 Bf1 1/2-1/2

[Event "Qatar Masters Open 2014"]
[Site "Doha QAT"]
[Date "2014.11.28"]
[Round "3.32"]
[White "Shyam, Sundar M"]
[Black "Berkes, Ferenc"]
[Result "0-1"]
[WhiteElo "2484"]
[BlackElo "2669"]
[PlyCount "104"]
[EventDate "2014.11.26"]
[EventType "swiss"]
[EventRounds "9"]
[EventCountry "QAT"]
[Source "lmi"]
[SourceDate "2014.11.26"]

1. e4 c6 2. d3 d5 3. Nd2 g6 4. Ngf3 Bg7 5. d4 dxe4 6. Nxe4 Bf5 7. Ng3 Bg4 8.
Bc4 e6 9. c3 Nf6 10. h3 Bxf3 11. Qxf3 Nbd7 12. Ne4 Nxe4 13. Qxe4 O-O 14. O-O
Re8 15. Rd1 a5 16. a3 a4 17. Ba2 Rc8 18. Be3 b5 19. Rac1 Nb6 20. c4 bxc4 21.
Bxc4 Nd5 22. Rc2 Nxe3 23. fxe3 Qg5 24. Rd3 Rc7 25. Ba2 Rb8 26. Rdc3 h5 27. Re2
Rcb7 28. Rcc2 Rb6 29. Rf2 R8b7 30. Rce2 Kh7 31. h4 Qg3 32. Bc4 Kh8 33. Ba2 Qd6
34. Bc4 c5 35. d5 f5 36. Qf3 exd5 37. Qxd5 Qxd5 38. Bxd5 Rd7 39. Ba2 Be5 40.
Rd2 Rxd2 41. Rxd2 Bxb2 42. Rd8+ Kg7 43. Rd7+ Kf6 44. Ra7 Bc1 45. Rxa4 Bxe3+ 46.
Kh2 Ke5 47. Ra8 Bf4+ 48. Kh3 Rb2 49. Bc4 Rc2 50. Be2 Rc1 51. Re8+ Kf6 52. g3
Rc3 0-1

[Event "Qatar Masters Open 2014"]
[Site "Doha QAT"]
[Date "2014.11.28"]
[Round "3.34"]
[White "Tari, Aryan"]
[Black "Efimenko, Zahar"]
[Result "0-1"]
[WhiteElo "2479"]
[BlackElo "2644"]
[PlyCount "56"]
[EventDate "2014.11.26"]
[EventType "swiss"]
[EventRounds "9"]
[EventCountry "QAT"]
[Source "lmi"]
[SourceDate "2014.11.26"]

1. d4 Nf6 2. c4 d6 3. Nc3 e5 4. Nf3 e4 5. Ng5 Qe7 6. g3 h6 7. Nh3 Bf5 8. Nf4 c6
9. Qb3 g6 10. Bd2 Bg7 11. O-O-O Na6 12. h3 Rb8 13. g4 Bd7 14. f3 e3 15. Be1 b5
16. Qa3 Nc7 17. Qxa7 Qd8 18. cxb5 cxb5 19. d5 O-O 20. a3 b4 21. axb4 Rxb4 22.
Nd3 Rb8 23. Qa2 Qc8 24. Kb1 Qb7 25. Ne4 Nxe4 26. fxe4 Ra8 27. Qc4 Rfb8 28. e5
Bxe5 0-1

[Event "Qatar Masters Open 2014"]
[Site "Doha QAT"]
[Date "2014.11.28"]
[Round "3.35"]
[White "Thejkumar, M. S."]
[Black "Vovk, Andrey"]
[Result "0-1"]
[WhiteElo "2443"]
[BlackElo "2640"]
[PlyCount "86"]
[EventDate "2014.11.26"]
[EventType "swiss"]
[EventRounds "9"]
[EventCountry "QAT"]
[Source "lmi"]
[SourceDate "2014.11.26"]

1. d4 f5 2. c4 Nf6 3. Nc3 d6 4. Bg5 Nbd7 5. Qc2 g6 6. Nh3 h6 7. Nf4 Kf7 8. Bxf6
Nxf6 9. O-O-O g5 10. Nh3 Bg7 11. e4 fxe4 12. Nxe4 c6 13. Bd3 Qa5 14. Nxf6 Bxf6
15. Kb1 c5 16. Bg6+ Kf8 17. dxc5 Qxc5 18. Rhe1 b5 19. Rd5 Qxc4 20. Qd2 Bb7 21.
Rd3 Kg7 22. Bf5 Bc8 23. Be4 Rb8 24. f4 g4 25. Nf2 b4 26. Bd5 Qb5 27. Rde3 Bf5+
28. Ka1 Rhc8 29. Ne4 Bxe4 30. Rxe4 Rc7 31. Qd1 Rbc8 32. Be6 Rc1+ 33. Qxc1 Rxc1+
34. Rxc1 Qd3 35. Rce1 h5 36. Bb3 Qd2 37. R4e2 Qxf4 38. g3 Qf5 39. Bc2 Qb5 40.
Kb1 a5 41. Rf2 a4 42. Rf5 Qb6 43. Bxa4 Qd4 0-1

[Event "Qatar Masters Open 2014"]
[Site "Doha QAT"]
[Date "2014.11.28"]
[Round "3.36"]
[White "Goh, Wei Ming Kevin"]
[Black "Romanov, Evgeny"]
[Result "0-1"]
[WhiteElo "2442"]
[BlackElo "2636"]
[PlyCount "64"]
[EventDate "2014.11.26"]
[EventType "swiss"]
[EventRounds "9"]
[EventCountry "QAT"]
[Source "lmi"]
[SourceDate "2014.11.26"]

1. e4 e5 2. Nf3 Nc6 3. Bc4 Bc5 4. c3 Nf6 5. d3 d6 6. Bb3 a6 7. Nbd2 Be6 8. Nc4
h6 9. O-O Ba7 10. Re1 O-O 11. Ne3 Re8 12. h3 d5 13. exd5 Nxd5 14. Ng4 Qd6 15.
Nfxe5 Nxe5 16. Nxe5 Bxh3 17. Qh5 Be6 18. Bxh6 gxh6 19. Qxh6 Qf8 20. Qh4 Qg7 21.
d4 c6 22. Rad1 Qh7 23. Qg3+ Kh8 24. c4 Rg8 25. Qf3 Rxg2+ 26. Kxg2 Bh3+ 27. Kg1
Rg8+ 28. Qg3 Rxg3+ 29. fxg3 Nf6 30. c5 Nd5 31. Rd2 Bb8 32. Bc2 Qg7 0-1

[Event "Qatar Masters Open 2014"]
[Site "Doha QAT"]
[Date "2014.11.28"]
[Round "3.37"]
[White "Seyb, Alexander"]
[Black "Safarli, Eltaj"]
[Result "0-1"]
[WhiteElo "2412"]
[BlackElo "2628"]
[PlyCount "58"]
[EventDate "2014.11.26"]
[EventType "swiss"]
[EventRounds "9"]
[EventCountry "QAT"]
[Source "lmi"]
[SourceDate "2014.11.26"]

1. e4 c5 2. Nf3 d6 3. d4 cxd4 4. Nxd4 Nf6 5. Nc3 a6 6. Be3 e5 7. Nb3 Be6 8. h3
Nbd7 9. g4 h6 10. Qd2 b5 11. O-O-O Be7 12. f4 Rc8 13. Kb1 exf4 14. Bxf4 Ne5 15.
Nd5 Nxd5 16. exd5 Bd7 17. Qg2 Bf6 18. Nd4 O-O 19. Bc1 Re8 20. Bd3 Nc4 21. Nf5
Bxf5 22. Bxf5 Rc7 23. Rhe1 Rce7 24. Qf2 Re5 25. Rxe5 Rxe5 26. Qa7 Qe8 27. Bd3
Qc8 28. Bf5 Rxf5 29. gxf5 Na3+ 0-1

[Event "Qatar Masters Open 2014"]
[Site "Doha QAT"]
[Date "2014.11.28"]
[Round "3.38"]
[White "Xu, Yinglun"]
[Black "Mchedlishvili, Mikheil"]
[Result "1/2-1/2"]
[WhiteElo "2410"]
[BlackElo "2622"]
[PlyCount "65"]
[EventDate "2014.11.26"]
[EventType "swiss"]
[EventRounds "9"]
[EventCountry "QAT"]
[Source "lmi"]
[SourceDate "2014.11.26"]

1. d4 Nf6 2. c4 g6 3. Nc3 d5 4. Bg5 Bg7 5. Nf3 Ne4 6. Bf4 Nxc3 7. bxc3 dxc4 8.
e4 b5 9. a4 c6 10. Qb1 a6 11. axb5 cxb5 12. Bxc4 bxc4 13. Bxb8 Bh3 14. gxh3
Rxb8 15. Qa2 Qd7 16. Qxa6 O-O 17. Rg1 Qc7 18. Rg3 Qf4 19. Qxc4 Qxe4+ 20. Qe2
Qc6 21. Qd2 Qc4 22. Ng1 e5 23. Ne2 exd4 24. cxd4 Qd5 25. Qg5 Qh1+ 26. Rg1 Qe4
27. Rg4 Qh1+ 28. Rg1 Qe4 29. Rg4 Qe6 30. Qe3 Qd5 31. Qe4 Qd6 32. Qf4 Qd5 33.
Qe4 1/2-1/2

[Event "Qatar Masters Open 2014"]
[Site "Doha QAT"]
[Date "2014.11.28"]
[Round "3.39"]
[White "Hamdouchi, Hicham"]
[Black "Sardana, Rishi"]
[Result "1/2-1/2"]
[WhiteElo "2616"]
[BlackElo "2415"]
[PlyCount "132"]
[EventDate "2014.11.26"]
[EventType "swiss"]
[EventRounds "9"]
[EventCountry "QAT"]
[Source "lmi"]
[SourceDate "2014.11.26"]

1. e4 c5 2. Nc3 Nc6 3. Nge2 e5 4. Nd5 Nce7 5. Nec3 Nxd5 6. Nxd5 Ne7 7. Bc4 d6
8. O-O Nxd5 9. Bxd5 Be7 10. f4 exf4 11. d4 cxd4 12. Qxd4 Bf6 13. Qc4 O-O 14.
Bxf4 Bxb2 15. Rab1 Bf6 16. Qd3 Be7 17. Bxb7 Rb8 18. Bd5 Be6 19. Rxb8 Qxb8 20.
Be3 Rc8 21. Bd4 Bxd5 22. exd5 Qc7 23. c3 Bf8 24. Qf3 Re8 25. h4 Qb7 26. h5 h6
27. Kh2 a5 28. a4 Qd7 29. Qf4 Re2 30. Rf3 Qe7 31. Be3 f6 32. Bd4 Qe8 33. Qg4
Re4 34. Qg6 Rh4+ 35. Rh3 Rxh3+ 36. Kxh3 Qxa4 37. Qe4 Qd7+ 38. g4 a4 39. c4 Qb7
40. Qe6+ Kh7 41. Qe4+ Kh8 42. Qe8 Kg8 43. Qxa4 Qb1 44. Qe8 Qf1+ 45. Kg3 Qxc4
46. Qe6+ Kh8 47. Be3 Qe2 48. Kf4 Qf1+ 49. Ke4 Qb1+ 50. Kd4 Qb4+ 51. Kd3 Qb3+
52. Ke4 Qb1+ 53. Kf3 Qd1+ 54. Kg3 Qd3 55. Kf2 Qc2+ 56. Ke1 Qc3+ 57. Ke2 Qc4+
58. Kd2 Qb4+ 59. Kd1 Qb3+ 60. Ke1 Qb1+ 61. Ke2 Qc2+ 62. Bd2 Qc4+ 63. Ke3 Qb3+
64. Kd4 Qb6+ 65. Kd3 Qb5+ 66. Kc2 Qa4+ 1/2-1/2

[Event "Qatar Masters Open 2014"]
[Site "Doha QAT"]
[Date "2014.11.28"]
[Round "3.41"]
[White "Swiercz, Dariusz"]
[Black "Batsiashvili, Nino"]
[Result "1/2-1/2"]
[WhiteElo "2616"]
[BlackElo "2442"]
[PlyCount "194"]
[EventDate "2014.11.26"]
[EventType "swiss"]
[EventRounds "9"]
[EventCountry "QAT"]
[Source "lmi"]
[SourceDate "2014.11.26"]

1. d4 d5 2. c4 e6 3. Nf3 Nf6 4. Nc3 Be7 5. Bf4 O-O 6. e3 Nbd7 7. Be2 c5 8. cxd5
Nxd5 9. Nxd5 exd5 10. dxc5 Nxc5 11. O-O Bf5 12. Be5 Be4 13. Rc1 Bd6 14. Bxd6
Qxd6 15. Nd4 a6 16. Qd2 Qb6 17. Rfd1 Rad8 18. Qc3 Ne6 19. Bg4 Rd6 20. Bxe6 fxe6
21. f3 Bg6 22. Ne2 e5 23. Qxe5 Re8 24. Qd4 Rxe3 25. Rc8+ Re8 26. Rxe8+ Bxe8 27.
Kf2 Bf7 28. Rd2 Qxd4+ 29. Nxd4 Bg6 30. g4 Kf7 31. Re2 Rd7 32. Re6 Kf8 33. Re3
Bf7 34. Rc3 Ke7 35. Rc8 Bg6 36. Ke3 Kd6 37. Rc1 h5 38. h3 Rf7 39. b3 hxg4 40.
hxg4 Rf8 41. Rd1 Rf7 42. Rd2 Rf8 43. Re2 Rf7 44. Kd2 Re7 45. Rxe7 Kxe7 46. b4
Bb1 47. a3 g5 48. Ke3 Kf6 49. f4 Be4 50. Nf3 gxf4+ 51. Kxf4 b6 52. Nd4 a5 53.
b5 a4 54. g5+ Kg6 55. Nc6 Bg2 56. Ne5+ Kg7 57. Nd7 Bf1 58. Nxb6 Bxb5 59. Nxd5
Bd7 60. Ne3 Kg6 61. Nc4 Be6 62. Ne5+ Kg7 63. Nd3 Bb3 64. Nc5 Kg6 65. Nd7 Bc2
66. Ne5+ Kh5 67. Ng4 Kg6 68. Nf6 Bb3 69. Kg4 Bd1+ 70. Kh4 Bb3 71. Nd7 Bd1 72.
Ne5+ Kf5 73. Nc4 Kg6 74. Ne3 Be2 75. Nd5 Bd1 76. Nc3 Bc2 77. Kg4 Bf5+ 78. Kf4
Bc2 79. Nd5 Bb3 80. Ne7+ Kf7 81. Nc6 Bc2 82. Ne5+ Ke6 83. Nf3 Kf7 84. Nh4 Kg7
85. Ke5 Bd1 86. Kd4 Bb3 87. Kc5 Bd1 88. Kb4 Bb3 89. Nf5+ Kg6 90. Nd4 Kxg5 91.
Nxb3 axb3 92. Kxb3 Kf6 93. a4 Ke7 94. a5 Kd7 95. a6 Kc7 96. a7 Kb7 97. a8=Q+
Kxa8 1/2-1/2

[Event "Qatar Masters Open 2014"]
[Site "Doha QAT"]
[Date "2014.11.28"]
[Round "3.43"]
[White "Ipatov, Alexander"]
[Black "Sukandar, Irine Kharisma"]
[Result "1-0"]
[WhiteElo "2608"]
[BlackElo "2407"]
[PlyCount "69"]
[EventDate "2014.11.26"]
[EventType "swiss"]
[EventRounds "9"]
[EventCountry "QAT"]
[Source "lmi"]
[SourceDate "2014.11.26"]

1. c4 Nf6 2. Nc3 e6 3. e4 d5 4. e5 d4 5. exf6 dxc3 6. bxc3 Qxf6 7. Nf3 c5 8. d4
cxd4 9. Bg5 Qf5 10. cxd4 Bb4+ 11. Bd2 Nc6 12. Bxb4 Nxb4 13. Rb1 Qa5 14. Qd2 Nc6
15. Bd3 Qxd2+ 16. Kxd2 Na5 17. c5 Bd7 18. Ne5 Rb8 19. Bb5 Bxb5 20. Rxb5 f6 21.
Rxa5 fxe5 22. Rb1 O-O 23. Rxa7 Rxf2+ 24. Ke3 Rf7 25. dxe5 Rc7 26. Rb5 Kf7 27.
Ke4 Kg6 28. Rb6 Rc6 29. Raxb7 Rxb7 30. Rxc6 Rb4+ 31. Kd3 Kf5 32. Rb6 Ra4 33. c6
Ra3+ 34. Rb3 Ra8 35. Kd4 1-0

[Event "Qatar Masters Open 2014"]
[Site "Doha QAT"]
[Date "2014.11.28"]
[Round "3.44"]
[White "Studer, Noel"]
[Black "Bogner, Sebastian"]
[Result "0-1"]
[WhiteElo "2395"]
[BlackElo "2598"]
[PlyCount "52"]
[EventDate "2014.11.26"]
[EventType "swiss"]
[EventRounds "9"]
[EventCountry "QAT"]
[Source "lmi"]
[SourceDate "2014.11.26"]

1. e4 d5 2. exd5 Qxd5 3. Nc3 Qd6 4. d4 c6 5. Bc4 Nf6 6. h3 Bf5 7. Nf3 Nbd7 8.
O-O e6 9. Qe2 Be7 10. Rd1 Nd5 11. Ne4 Qc7 12. Ng3 Bg6 13. Bb3 b5 14. c3 Rb8 15.
a4 a6 16. a5 O-O 17. h4 h6 18. c4 bxc4 19. Bxc4 Bb4 20. Ne5 Nxe5 21. dxe5 Bxa5
22. Qg4 Kh8 23. Bxa6 Rb4 24. Qh3 Bb6 25. h5 Bh7 26. Re1 Bd4 0-1

[Event "Qatar Masters Open 2014"]
[Site "Doha QAT"]
[Date "2014.11.28"]
[Round "3.45"]
[White "Lenderman, Aleksandr"]
[Black "Gaponenko, Inna"]
[Result "1/2-1/2"]
[WhiteElo "2598"]
[BlackElo "2381"]
[PlyCount "102"]
[EventDate "2014.11.26"]
[EventType "swiss"]
[EventRounds "9"]
[EventCountry "QAT"]
[Source "lmi"]
[SourceDate "2014.11.26"]

1. d4 d5 2. c4 e6 3. Nc3 c6 4. e4 dxe4 5. Nxe4 Bb4+ 6. Nc3 c5 7. a3 Ba5 8. Be3
Nf6 9. Rc1 cxd4 10. Qxd4 Qxd4 11. Bxd4 Nc6 12. Bxf6 gxf6 13. Nf3 Bd7 14. b4 Bc7
15. Ne4 Ke7 16. Nc5 Ne5 17. Nxe5 Bxe5 18. Rd1 Bc8 19. Be2 b6 20. Bf3 Rb8 21.
Nd3 Bb7 22. Ke2 Rhd8 23. Rd2 Bxf3+ 24. gxf3 Rbc8 25. c5 bxc5 26. bxc5 Rd5 27.
Rc2 a5 28. Rb1 Bxh2 29. Rh1 Bc7 30. Rxh7 Rb8 31. Rc3 Be5 32. Nxe5 Rxe5+ 33. Kd3
Rc8 34. c6 Rd5+ 35. Ke2 Rd6 36. Rc5 Rcxc6 37. Rxa5 Ra6 38. Rb5 Rd7 39. Rb3 Rda7
40. Rh4 Rxa3 41. Rxa3 Rxa3 42. Rb4 e5 43. f4 Ke6 44. fxe5 fxe5 45. f4 exf4 46.
Rxf4 f5 47. Rb4 Ke5 48. Kf2 Kf6 49. Rc4 Kg5 50. Rb4 Ra1 51. Rc4 Ra3 1/2-1/2